[Event "XII C.to Europeo"]
[Site "Aix-les-Bains FRA"]
[Date "2011.04.02"]
[Round "11"]
[White "Sanikidze, Tornike"]
[Black "Stella, Andrea"]
[Result "0-1"]
[WhiteElo "2542"]
[BlackElo "2364"]
[PlyCount "74"]
[EventDate "2011.03.22"]

1. d4 Nf6 2. c4 g6 3. Nc3 d5 4. cxd5 Nxd5 5. Bd2 Nb6 6. Nf3 Bg7 7. e3 O-O 8.
Rc1 c6 9. Be2 Bg4 10. Ne4 N8d7 11. O-O Bf5 12. Ng3 Bg4 13. Bb4 a5 14. Ba3 Nd5
15. Qd2 Qb6 16. h3 Bxf3 17. Bxf3 Nb4 18. b3 Rfd8 19. Qe2 e5 20. Bxb4 Qxb4 21.
d5 cxd5 22. Bxd5 Nf6 23. Rc4 Qe7 24. Be4 Rac8 25. Rfc1 Rxc4 26. Qxc4 b6 27. Bf3
Bf8 28. Qb5 Rd6 29. Rc8 Kg7 30. Qa6 e4 31. Be2 h5 32. Qa8 h4 33. Nf1 Rd7 34.
Qc6 Rd6 35. Qc3 Rd8 36. Rc4 Kg8 37. Rc6 Nd5 0-1